000 00516nmm a2200193Ia 4500
008 251105s9999||||xx |||||||||||||||||und||
041 _aspa
100 _aKeene, James
245 0 _aEncerrado con el diablo
264 _a[Madrid, España] :
_bRoca Editorial,
_c2011
300 _a268 páginas
490 _aMemorias
650 _aBiography
700 _aKeene, James
700 1 _a Levin, Hillel
700 1 _a Beláustegui, Inés
856 _uhttps://public.digitaliapublishing.com/a/33551
942 _cCF
999 _c67419
_d67419